[Event "Open C"]
[Site "Polanica-Zdroj"]
[Date "2017.08.24"]
[Round "6.3"]
[White "Kicinski, Jacek"]
[Black "Pyka, Roman"]
[Result "1-0"]
[BlackElo "1991"]
[WhiteElo "1955"]
[LiveChessVersion "1.4.8"]

1. e4 {[%clk 1:30:49]} d5 {[%clk 1:30:39]} 2. exd5 {[%clk 1:31:14]} Nf6
{[%clk 1:31:03]} 3. c4 {[%clk 1:29:52]} c6 {[%clk 1:31:22]} 4. Nc3
{[%clk 1:30:14]} cxd5 {[%clk 1:31:43]} 5. d4 {[%clk 1:30:24]} g6 {[%clk 1:27:14]}
6. Nf3 {[%clk 1:29:16]} Bg7 {[%clk 1:27:25]} 7. Qb3 {[%clk 1:20:56]} dxc4
{[%clk 1:14:18]} 8. Bxc4 {[%clk 1:21:05]} O-O {[%clk 1:14:40]} 9. Ne5
{[%clk 1:13:16]} e6 {[%clk 1:12:47]} 10. Be3 {[%clk 1:12:52]} Nc6
{[%clk 1:12:34]} 11. Nxc6 {[%clk 1:08:45]} bxc6 {[%clk 1:12:56]} 12. O-O
{[%clk 1:08:47]} Qc7 {[%clk 1:05:55]} 13. h3 {[%clk 1:05:08]} Rb8
{[%clk 1:01:44]} 14. Qc2 {[%clk 1:04:15]} Nd5 {[%clk 0:57:40]} 15. Bxd5
{[%clk 0:59:47]} cxd5 {[%clk 0:57:47]} 16. Rfc1 {[%clk 0:56:02]} Qe7
{[%clk 0:54:05]} 17. b3 {[%clk 0:45:49]} Bd7 {[%clk 0:53:09]} 18. Qd2
{[%clk 0:43:17]} Qb4 {[%clk 0:45:47]} 19. Rc2 {[%clk 0:30:58]} Rfc8
{[%clk 0:38:11]} 20. Rac1 {[%clk 0:30:56]} Qb7 {[%clk 0:32:37]} 21. Bf4
{[%clk 0:22:10]} Ra8 {[%clk 0:30:54]} 22. Bd6 {[%clk 0:22:07]} Qb6
{[%clk 0:18:53]} 23. Bc5 {[%clk 0:21:47]} Qd8 {[%clk 0:19:02]} 24. b4
{[%clk 0:19:08]} Qh4 {[%clk 0:18:58]} 25. Re1 {[%clk 0:11:48]} Rc7
{[%clk 0:13:11]} 26. Rb2 {[%clk 0:04:53]} Rac8 {[%clk 0:10:31]} 27. a4
{[%clk 0:04:20]} Bf8 {[%clk 0:07:47]} 28. Qd3 {[%clk 0:03:13]} a5
{[%clk 0:06:33]} 29. Nb5 {[%clk 0:02:09]} Bxb5 {[%clk 0:06:23]} 30. axb5
{[%clk 0:02:11]} axb4 {[%clk 0:06:30]} 31. Bxf8 {[%clk 0:02:08]} Kxf8
{[%clk 0:05:44]} 32. Rxb4 {[%clk 0:02:07]} Rc3 {[%clk 0:03:48]} 33. Qb1
{[%clk 0:02:17]} R3c4 {[%clk 0:02:38]} 34. Rd1 {[%clk 0:01:24]} Rc2
{[%clk 0:02:44]} 35. Rf1 {[%clk 0:01:50]} Qf4 {[%clk 0:02:54]} 36. b6
{[%clk 0:02:10]} R2c6 {[%clk 0:02:46]} 37. g3 {[%clk 0:02:03]} Qd6
{[%clk 0:02:57]} 38. b7 {[%clk 0:01:54]} Rb8 {[%clk 0:03:23]} 39. Qb3
{[%clk 0:01:26]} Rc7 {[%clk 0:03:23]} 40. Ra1 {[%clk 0:01:20]} Kg7
{[%clk 0:03:00]} 41. Ra8 {[%clk 0:01:20]} Qd8 {[%clk 0:03:24]} 42. Rxb8
{[%clk 0:01:40]} Qxb8 {[%clk 0:03:48]} 43. Rb6 {[%clk 0:01:46]} h5
{[%clk 0:03:44]} 44. h4 {[%clk 0:02:01]} Kf8 {[%clk 0:02:34]} 45. Qa3+
{[%clk 0:01:53]} Re7 46. Qa8 Re8 47. Qa3+ Re7 1-0

[Event "Open C"]
[Site "Polanica-Zdroj"]
[Date "2017.08.24"]
[Round "6.4"]
[White "Litner, Igor"]
[Black "Bartoszewicz, Marcin"]
[Result "1-0"]
[BlackElo "1875"]
[WhiteElo "1991"]
[LiveChessVersion "1.4.8"]

1. d4 {[%clk 1:16:55]} d6 {[%clk 1:29:25]} 2. e4 {[%clk 1:16:58]} Nf6
{[%clk 1:28:42]} 3. Nc3 {[%clk 1:17:20]} g6 {[%clk 1:28:33]} 4. Bg5
{[%clk 1:14:01]} Bg7 {[%clk 1:24:05]} 5. e5 {[%clk 1:10:56]} dxe5
{[%clk 1:11:53]} 6. dxe5 {[%clk 1:11:24]} Qxd1+ {[%clk 1:11:16]} 7. Rxd1
{[%clk 1:11:31]} Ng8 {[%clk 1:07:41]} 8. f4 {[%clk 1:07:12]} c6 {[%clk 1:07:16]}
9. Nf3 {[%clk 0:56:37]} Nh6 {[%clk 1:04:56]} 10. Bc4 {[%clk 0:53:12]} Nf5
{[%clk 1:04:27]} 11. Kf2 {[%clk 0:53:00]} h6 {[%clk 1:04:31]} 12. Bh4
{[%clk 0:53:10]} Nxh4 {[%clk 1:04:37]} 13. Nxh4 {[%clk 0:53:39]} g5
{[%clk 1:04:19]} 14. Nf3 {[%clk 0:48:23]} gxf4 {[%clk 0:58:33]} 15. Rd4
{[%clk 0:48:16]} Be6 {[%clk 0:45:13]} 16. Bxe6 {[%clk 0:45:16]} fxe6
{[%clk 0:45:41]} 17. Rhd1 {[%clk 0:44:35]} O-O {[%clk 0:33:50]} 18. Ne2
{[%clk 0:44:37]} c5 {[%clk 0:31:48]} 19. Rd8 {[%clk 0:44:10]} Nc6
{[%clk 0:31:39]} 20. Rxa8 {[%clk 0:44:36]} Rxa8 {[%clk 0:32:02]} 21. Nxf4
{[%clk 0:44:49]} Kf7 {[%clk 0:28:44]} 22. Re1 {[%clk 0:44:26]} Rd8
{[%clk 0:24:25]} 23. c3 {[%clk 0:44:38]} Rd7 {[%clk 0:21:40]} 24. g4
{[%clk 0:44:42]} b6 {[%clk 0:15:30]} 25. h4 {[%clk 0:44:17]} Nd8 {[%clk 0:12:57]}
26. g5 {[%clk 0:44:41]} hxg5 {[%clk 0:12:21]} 27. hxg5 {[%clk 0:45:10]} Kg8
{[%clk 0:12:11]} 28. Ke3 {[%clk 0:43:12]} Nc6 {[%clk 0:11:03]} 29. Ke4
{[%clk 0:43:15]} Nd8 {[%clk 0:10:55]} 30. Re3 {[%clk 0:38:20]} Kf8
{[%clk 0:10:34]} 31. Rd3 {[%clk 0:37:58]} Rxd3 {[%clk 0:10:33]} 32. Kxd3
{[%clk 0:38:08]} Kg8 {[%clk 0:09:07]} 33. Kc4 {[%clk 0:35:47]} a6
{[%clk 0:09:09]} 34. a4 {[%clk 0:36:02]} Nc6 {[%clk 0:08:11]} 35. Nxe6
{[%clk 0:36:10]} Nxe5+ {[%clk 0:08:03]} 36. Nxe5 {[%clk 0:36:35]} Bxe5
{[%clk 0:08:27]} 37. g6 {[%clk 0:37:02]} 1-0

[Event "Open C"]
[Site "Polanica-Zdroj"]
[Date "2017.08.24"]
[Round "6.5"]
[White "Kawalko, Adam"]
[Black "Czuchnicki, Adam"]
[Result "0-1"]
[BlackElo "1991"]
[WhiteElo "1848"]
[LiveChessVersion "1.4.8"]

1. e4 {[%clk 1:30:58]} c5 {[%clk 1:29:59]} 2. Nf3 {[%clk 1:31:20]} d6
{[%clk 1:30:18]} 3. d4 {[%clk 1:31:39]} cxd4 {[%clk 1:30:36]} 4. Nxd4
{[%clk 1:32:01]} Nf6 {[%clk 1:31:03]} 5. Nc3 {[%clk 1:32:08]} a6 {[%clk 1:31:29]}
6. Bg5 {[%clk 1:31:27]} e6 {[%clk 1:31:53]} 7. f4 {[%clk 1:31:11]} Be7
{[%clk 1:31:55]} 8. Qf3 {[%clk 1:30:22]} Qc7 {[%clk 1:32:19]} 9. O-O-O
{[%clk 1:29:28]} Nbd7 {[%clk 1:30:30]} 10. g4 {[%clk 1:27:54]} h6
{[%clk 1:30:39]} 11. Bxf6 {[%clk 1:26:32]} Bxf6 {[%clk 1:30:54]} 12. h4
{[%clk 1:25:50]} Qb6 {[%clk 1:30:12]} 13. Nb3 {[%clk 1:23:29]} Be7
{[%clk 1:30:12]} 14. g5 {[%clk 1:17:18]} Nc5 {[%clk 1:28:47]} 15. Kb1
{[%clk 1:15:01]} Bd7 {[%clk 1:28:01]} 16. f5 {[%clk 1:02:10]} hxg5
{[%clk 1:26:51]} 17. hxg5 {[%clk 1:00:08]} O-O-O {[%clk 1:25:30]} 18. g6
{[%clk 0:54:27]} fxg6 {[%clk 1:25:20]} 19. fxe6 {[%clk 0:46:08]} Bxe6
{[%clk 1:24:56]} 20. Bh3 {[%clk 0:44:41]} Rxh3 {[%clk 1:23:22]} 21. Rxh3
{[%clk 0:44:04]} Rf8 {[%clk 1:23:30]} 22. Qg3 {[%clk 0:38:17]} Nxb3
{[%clk 1:22:41]} 23. axb3 {[%clk 0:34:07]} Bxh3 {[%clk 1:22:31]} 24. Qxh3+
{[%clk 0:34:26]} Kb8 {[%clk 1:22:25]} 25. Nd5 {[%clk 0:33:59]} Qd8
{[%clk 1:22:15]} 26. Qe6 {[%clk 0:25:54]} Bf6 {[%clk 1:16:08]} 27. Qg4
{[%clk 0:18:38]} g5 {[%clk 1:11:07]} 28. Ne3 {[%clk 0:15:28]} Be5
{[%clk 1:10:10]} 29. Nc4 {[%clk 0:13:37]} Re8 {[%clk 0:57:49]} 30. Qf5
{[%clk 0:11:37]} Qf6 {[%clk 0:52:04]} 31. Qd7 {[%clk 0:08:06]} Qe7
{[%clk 0:35:33]} 32. Nxe5 {[%clk 0:06:44]} dxe5 {[%clk 0:25:38]} 33. Qxe7
{[%clk 0:04:56]} Rxe7 {[%clk 0:26:06]} 34. Rg1 {[%clk 0:05:01]} Re6
{[%clk 0:23:15]} 35. Rxg5 {[%clk 0:05:19]} g6 {[%clk 0:23:42]} 36. Kc1
{[%clk 0:04:41]} Kc7 {[%clk 0:24:07]} 37. Kd2 {[%clk 0:04:55]} Kd6
{[%clk 0:24:24]} 38. b4 {[%clk 0:04:15]} Ke7 {[%clk 0:24:35]} 39. Ke3
{[%clk 0:04:03]} Kf6 {[%clk 0:24:37]} 40. Rg2 {[%clk 0:03:52]} g5
{[%clk 0:22:26]} 41. Rd2 {[%clk 0:03:32]} g4 {[%clk 0:21:45]} 42. Rd8
{[%clk 0:03:38]} Kg5 {[%clk 0:19:47]} 43. Rg8+ {[%clk 0:01:42]} Kh4
{[%clk 0:20:16]} 44. Rh8+ {[%clk 0:02:05]} Kg3 {[%clk 0:20:42]} 45. Rh5
{[%clk 0:02:30]} Kg2 {[%clk 0:20:33]} 46. c3 {[%clk 0:02:21]} g3 {[%clk 0:20:55]}
47. Ke2 {[%clk 0:01:37]} Kg1 {[%clk 0:20:34]} 48. Ke1 {[%clk 0:02:00]} g2
{[%clk 0:20:38]} 49. Ke2 {[%clk 0:02:23]} Rf6 {[%clk 0:19:53]} 50. Rxe5
{[%clk 0:02:26]} Rh6 {[%clk 0:17:39]} 51. Rg5 {[%clk 0:01:33]} Kh1
{[%clk 0:16:19]} 52. Kd3 {[%clk 0:01:32]} g1=Q {[%clk 0:14:54]} 53. Rxg1+
{[%clk 0:01:59]} Kxg1 {[%clk 0:15:21]} 54. Kd4 {[%clk 0:02:07]} Kf2
{[%clk 0:15:05]} 55. Kd5 {[%clk 0:02:31]} Ke3 {[%clk 0:14:21]} 56. e5
{[%clk 0:02:56]} Kf4 {[%clk 0:14:41]} 57. e6 {[%clk 0:03:09]} Kf5
{[%clk 0:15:03]} 58. e7 {[%clk 0:03:04]} Re6 {[%clk 0:15:30]} 0-1

[Event "Open C"]
[Site "Polanica-Zdroj"]
[Date "2017.08.24"]
[Round "6.6"]
[White "Szylko, Waldemar"]
[Black "Cap, Piotr"]
[Result "0-1"]
[BlackElo "1793"]
[WhiteElo "1989"]
[LiveChessVersion "1.4.8"]

1. e4 {[%clk 1:30:53]} c6 {[%clk 1:30:21]} 2. Nc3 {[%clk 1:31:03]} d6
{[%clk 1:30:02]} 3. g3 {[%clk 1:31:07]} g6 {[%clk 1:28:28]} 4. Bg2
{[%clk 1:31:27]} Bg7 {[%clk 1:28:27]} 5. d3 {[%clk 1:31:48]} Nf6 {[%clk 1:27:49]}
6. h3 {[%clk 1:31:52]} O-O {[%clk 1:28:02]} 7. Be3 {[%clk 1:29:04]} e5
{[%clk 1:25:26]} 8. Qd2 {[%clk 1:26:37]} d5 {[%clk 1:23:44]} 9. Bg5
{[%clk 1:23:27]} d4 {[%clk 1:20:41]} 10. Nce2 {[%clk 1:18:45]} Qc7
{[%clk 1:19:21]} 11. f4 {[%clk 1:16:35]} c5 {[%clk 1:15:44]} 12. Nf3
{[%clk 1:16:02]} Nc6 {[%clk 1:14:49]} 13. O-O {[%clk 1:14:40]} Nd7
{[%clk 1:03:58]} 14. fxe5 {[%clk 1:12:24]} Ndxe5 15. Bh6 {[%clk 1:06:04]} Nxf3+
{[%clk 0:57:19]} 16. Rxf3 {[%clk 1:06:00]} Ne5 {[%clk 0:57:29]} 17. Rf2
{[%clk 1:06:03]} Qe7 {[%clk 0:56:50]} 18. Raf1 {[%clk 1:04:39]} Bd7
{[%clk 0:52:48]} 19. Kh2 {[%clk 1:01:22]} Rad8 {[%clk 0:52:30]} 20. Ng1
{[%clk 0:58:47]} Bxh6 {[%clk 0:49:02]} 21. Qxh6 {[%clk 0:59:04]} c4
{[%clk 0:48:42]} 22. Nf3 {[%clk 0:53:43]} Nxf3+ {[%clk 0:47:15]} 23. Bxf3
{[%clk 0:52:18]} cxd3 {[%clk 0:46:57]} 24. cxd3 {[%clk 0:52:08]} Qe5
{[%clk 0:46:47]} 25. Bd1 {[%clk 0:50:07]} Be6 {[%clk 0:46:11]} 26. h4
{[%clk 0:49:25]} Rc8 {[%clk 0:44:47]} 27. h5 {[%clk 0:47:00]} Qg7
{[%clk 0:40:48]} 28. Qg5 {[%clk 0:40:58]} gxh5 {[%clk 0:37:40]} 29. Qxh5
{[%clk 0:40:21]} Kh8 {[%clk 0:36:33]} 30. Qh4 {[%clk 0:33:30]} Rg8
{[%clk 0:33:31]} 31. Bh5 {[%clk 0:30:34]} Rc7 {[%clk 0:30:01]} 32. Qf4
{[%clk 0:27:52]} Rc5 {[%clk 0:29:00]} 33. Bd1 {[%clk 0:26:10]} Rg5
{[%clk 0:27:58]} 34. Rg1 {[%clk 0:25:40]} Qh6+ {[%clk 0:25:50]} 35. Kg2
{[%clk 0:25:08]} Rc5 36. Kh2 Qg7 37. Rgf1 Rg5 38. Rf3 Bg4 39. R3f2 Bxd1 40. Rxd1
Rxg3 41. Rdf1 Rg2+ 42. Kh1 0-1

[Event "Open C"]
[Site "Polanica-Zdroj"]
[Date "2017.08.24"]
[Round "6.7"]
[White "Gromczak, Dariusz"]
[Black "Cichocki, Konrad"]
[Result "1/2-1/2"]
[BlackElo "1857"]
[WhiteElo "1979"]
[LiveChessVersion "1.4.8"]

1. e4 {[%clk 1:30:57]} e5 {[%clk 1:30:38]} 2. Nf3 {[%clk 1:30:32]} Nc6
{[%clk 1:30:55]} 3. Bc4 {[%clk 1:30:28]} Bc5 {[%clk 1:31:14]} 4. c3
{[%clk 1:30:44]} Nf6 {[%clk 1:31:25]} 5. d3 {[%clk 1:30:07]} d6 {[%clk 1:30:54]}
6. Nbd2 {[%clk 1:29:02]} O-O {[%clk 1:30:45]} 7. a4 {[%clk 1:26:38]} a6 8. Nf1
{[%clk 1:26:39]} Be6 {[%clk 1:29:37]} 9. Bxe6 {[%clk 1:23:54]} fxe6
{[%clk 1:30:05]} 10. Be3 {[%clk 1:23:47]} Bxe3 {[%clk 1:27:30]} 11. Nxe3
{[%clk 1:23:48]} Qe7 {[%clk 1:25:53]} 12. O-O {[%clk 1:22:49]} Rae8
{[%clk 1:24:38]} 13. b4 {[%clk 1:18:02]} Qf7 {[%clk 1:15:37]} 14. b5
{[%clk 1:16:33]} axb5 {[%clk 1:15:59]} 15. axb5 {[%clk 1:16:51]} Nd8
{[%clk 1:15:30]} 16. Qb3 {[%clk 1:08:08]} Qh5 {[%clk 1:09:12]} 17. Ra8
{[%clk 1:01:51]} c6 {[%clk 0:56:05]} 18. bxc6 {[%clk 0:50:56]} bxc6
{[%clk 0:56:26]} 19. Nf5 {[%clk 0:34:47]} Nf7 {[%clk 0:44:32]} 20. Rxe8
{[%clk 0:33:40]} Rxe8 {[%clk 0:43:44]} 21. Ng3 {[%clk 0:32:59]} Qg6
{[%clk 0:43:58]} 22. Qb7 {[%clk 0:30:45]} c5 {[%clk 0:38:42]} 23. Ra1
{[%clk 0:29:19]} Rf8 {[%clk 0:31:11]} 24. Ra8 {[%clk 0:23:38]} Ng5
{[%clk 0:24:31]} 25. Rxf8+ {[%clk 0:19:46]} Kxf8 {[%clk 0:24:56]} 26. Qc8+
{[%clk 0:17:33]} Ke7 {[%clk 0:21:29]} 27. Qc7+ {[%clk 0:15:00]} Nd7
{[%clk 0:21:23]} 28. Nd2 {[%clk 0:14:38]} Qe8 {[%clk 0:16:11]} 29. h4 Nf7 30. Kf1
{[%clk 0:10:29]} Qa8 {[%clk 0:15:00]} 31. Ke2 {[%clk 0:08:23]} Qa6
{[%clk 0:14:34]} 32. Ngf1 {[%clk 0:08:20]} Nh6 {[%clk 0:14:32]} 33. Ne3
{[%clk 0:08:01]} Ng8 34. Nec4 Ngf6 {[%clk 0:11:39]} 1/2-1/2

[Event "Open C"]
[Site "Polanica-Zdroj"]
[Date "2017.08.24"]
[Round "6.8"]
[White "Szczesniak, Andrzej"]
[Black "Tokmantsev, Ivan"]
[Result "1-0"]
[BlackElo "1711"]
[WhiteElo "1970"]
[LiveChessVersion "1.4.8"]

1. d4 {[%clk 1:29:38]} Nf6 {[%clk 1:30:40]} 2. c4 {[%clk 1:29:42]} g6
{[%clk 1:30:47]} 3. Nc3 {[%clk 1:30:00]} Bg7 {[%clk 1:30:39]} 4. e4
{[%clk 1:30:16]} d6 {[%clk 1:30:28]} 5. Be2 {[%clk 1:30:29]} O-O {[%clk 1:30:11]}
6. Nf3 {[%clk 1:30:44]} e5 {[%clk 1:28:55]} 7. Be3 {[%clk 1:29:40]} Nc6
{[%clk 1:29:11]} 8. d5 {[%clk 1:29:55]} Ne7 {[%clk 1:29:23]} 9. Nd2
{[%clk 1:30:11]} Ne8 {[%clk 1:28:42]} 10. b4 {[%clk 1:28:36]} f5 {[%clk 1:29:03]}
11. f3 {[%clk 1:28:59]} f4 {[%clk 1:29:16]} 12. Bf2 {[%clk 1:29:12]} g5
{[%clk 1:29:22]} 13. h4 {[%clk 1:28:00]} h6 {[%clk 1:27:09]} 14. c5
{[%clk 1:24:33]} Rf7 {[%clk 1:26:45]} 15. Nc4 {[%clk 1:24:10]} Bf8
{[%clk 1:25:50]} 16. a4 {[%clk 1:13:51]} Rg7 {[%clk 1:25:49]} 17. hxg5
{[%clk 1:13:19]} hxg5 {[%clk 1:26:09]} 18. a5 {[%clk 1:02:33]} Nf6
{[%clk 1:24:53]} 19. cxd6 {[%clk 0:54:44]} cxd6 {[%clk 1:25:02]} 20. Nb5
{[%clk 0:53:48]} Ng6 {[%clk 1:23:20]} 21. Nxa7 {[%clk 0:49:20]} g4
{[%clk 1:22:48]} 22. Nb6 {[%clk 0:38:55]} Rxa7 {[%clk 1:22:36]} 23. Nxc8
{[%clk 0:39:14]} Qxc8 {[%clk 1:22:57]} 24. Bxa7 {[%clk 0:36:01]} Qc3+
{[%clk 1:22:58]} 25. Kf1 {[%clk 0:36:19]} Rh7 {[%clk 1:23:19]} 26. Rxh7
{[%clk 0:36:06]} Kxh7 {[%clk 1:23:40]} 27. Rc1 {[%clk 0:27:11]} Qxb4
{[%clk 1:24:03]} 28. Bb6 {[%clk 0:26:35]} Nh5 {[%clk 1:24:10]} 29. Rc4
{[%clk 0:25:03]} Qb2 {[%clk 1:24:19]} 30. Qc2 {[%clk 0:24:29]} Ng3+
{[%clk 1:24:14]} 31. Kf2 {[%clk 0:24:38]} Qa1 {[%clk 1:23:26]} 32. Bd1
{[%clk 0:22:12]} gxf3 {[%clk 1:20:16]} 33. Ra4 {[%clk 0:21:46]} Nxe4+
{[%clk 1:19:53]} 34. Rxe4 {[%clk 0:21:26]} fxg2 {[%clk 1:16:48]} 35. Ra4
{[%clk 0:20:01]} 1-0

[Event "Open C"]
[Site "Polanica-Zdroj"]
[Date "2017.08.24"]
[Round "6.9"]
[White "Lanica, Lukasz"]
[Black "Zminda, Bogdan"]
[Result "1/2-1/2"]
[BlackElo "1957"]
[WhiteElo "1773"]
[LiveChessVersion "1.4.8"]

1. b4 Nf6 2. Bb2 g6 3. e3 Bg7 4. Nf3 d6 5. Be2 c5 6. b5 Nbd7 7. d4 O-O 8. O-O
cxd4 9. exd4 b6 10. Nbd2 Bb7 11. c4 Rc8 12. a4 d5 13. Qb3 dxc4 14. Nxc4 Nd5 15.
g3 N7f6 16. a5 Nh5 17. Nfe5 f6 18. Bxh5 gxh5 19. Nd3 Kh8 20. Rfe1 h4 21. axb6
hxg3 22. hxg3 Nxb6 23. Nxb6 axb6 24. Nf4 Qd7 25. Ra7 Ra8 26. Rxa8 Rxa8 27. Qe6
Qxe6 28. Rxe6 Bf8 29. Rxb6 Bf3 30. Ra6 Rc8 31. Ra3 Rc2 32. Rxf3 Rxb2 33. Ne6 Kg8
34. Rc3 Kf7 35. Nxf8 Kxf8 36. Rc5 Ke8 37. Kg2 Kd7 38. Kf3 Kd6 39. Ke3 e5 40. Rc6+
Kd5 41. dxe5 fxe5 42. Rb6 Rb3+ 43. Ke2 Ke4 44. Rb8 Rb2+ 45. Kf1 Kf3 46. Rf8+ Ke4
47. Rf7 h5 48. Kg2 h4 49. gxh4 Rxb5 50. Kg3 Rb1 51. h5 Rh1 52. Kg4 Rg1+ 53. Kh4
Kd5 54. Rf6 e4 55. Rg6 Rf1 56. Rg2 Ke6 57. Kg5 Kf7 58. h6 Ra1 59. Kf4 Rh1 60. Kg5
Ra1 61. Rh2 Kg8 62. Kf4 Ra4 63. Ke3 Kh7 64. Rh4 Ra3+ 1/2-1/2

[Event "Open C"]
[Site "Polanica-Zdroj"]
[Date "2017.08.24"]
[Round "6.10"]
[White "Slabek, Grzegorz"]
[Black "Wasylkiewicz, Andrzej"]
[Result "1/2-1/2"]
[BlackElo "1783"]
[WhiteElo "2000"]
[LiveChessVersion "1.4.8"]

1. Nf3 {[%clk 1:30:54]} d5 {[%clk 1:30:17]} 2. d4 {[%clk 1:31:11]} Nc6
{[%clk 1:30:05]} 3. g3 {[%clk 1:31:00]} Bf5 {[%clk 1:28:32]} 4. Bg2
{[%clk 1:31:18]} Qd7 {[%clk 1:27:54]} 5. h3 {[%clk 1:28:59]} O-O-O
{[%clk 1:26:56]} 6. Bf4 {[%clk 1:26:30]} e6 {[%clk 1:25:50]} 7. c3
{[%clk 1:25:39]} h6 {[%clk 1:23:51]} 8. g4 {[%clk 1:25:10]} Bxb1 {[%clk 1:22:08]}
9. Qxb1 {[%clk 1:24:48]} g5 {[%clk 1:22:17]} 10. Ne5 {[%clk 1:24:08]} Nxe5
{[%clk 1:21:26]} 11. Bxe5 {[%clk 1:24:29]} f6 {[%clk 1:21:46]} 12. Bg3
{[%clk 1:24:19]} Qf7 {[%clk 1:17:25]} 13. Bf3 {[%clk 1:20:55]} Bd6
{[%clk 1:16:24]} 14. Bxd6 {[%clk 1:21:09]} Rxd6 {[%clk 1:16:40]} 15. h4
{[%clk 1:17:04]} Qg7 {[%clk 1:15:05]} 16. Qc2 {[%clk 1:14:48]} Ne7
{[%clk 1:12:47]} 17. hxg5 {[%clk 1:14:59]} hxg5 {[%clk 1:12:03]} 18. Rxh8+
{[%clk 1:15:21]} Qxh8 {[%clk 1:12:23]} 19. O-O-O {[%clk 1:15:39]} Qg7
{[%clk 1:09:52]} 20. Rh1 {[%clk 1:15:06]} Ng6 {[%clk 1:09:59]} 21. Qa4
{[%clk 1:15:05]} Rc6 {[%clk 1:01:48]} 22. e4 {[%clk 1:14:00]} Nf4
{[%clk 0:56:18]} 23. exd5 {[%clk 1:13:08]} exd5 {[%clk 0:55:46]} 24. Qc2
{[%clk 1:12:51]} Re6 {[%clk 0:50:02]} 25. Qf5 {[%clk 1:12:24]} c6
{[%clk 0:49:07]} 26. c4 {[%clk 1:11:00]} Qg6 {[%clk 0:33:09]} 27. Rh8+
{[%clk 1:10:46]} Kc7 {[%clk 0:32:28]} 28. Rh7+ {[%clk 1:10:58]} Kb8
{[%clk 0:27:59]} 29. Qxg6 {[%clk 1:11:19]} Nxg6 {[%clk 0:28:21]} 30. cxd5
{[%clk 1:11:37]} cxd5 {[%clk 0:25:36]} 31. Bxd5 {[%clk 1:11:52]} Re7
{[%clk 0:23:17]} 32. Rxe7 {[%clk 1:10:34]} Nxe7 {[%clk 0:23:44]} 33. Be4
{[%clk 1:10:49]} Kc7 {[%clk 0:23:57]} 34. Kd2 {[%clk 1:11:06]} Nc8
{[%clk 0:22:37]} 35. Ke3 {[%clk 1:08:45]} Nd6 {[%clk 0:21:01]} 36. Bd3
{[%clk 1:09:06]} Kc6 {[%clk 0:19:50]} 37. Be4+ {[%clk 1:09:04]} Kb5
{[%clk 0:20:03]} 38. Bd5 {[%clk 1:08:24]} b6 {[%clk 0:18:27]} 39. f4
{[%clk 1:08:38]} Kb4 {[%clk 0:17:56]} 40. fxg5 {[%clk 1:08:56]} fxg5
{[%clk 0:18:17]} 41. Kd3 {[%clk 1:09:05]} Kb5 {[%clk 0:16:50]} 42. Kc3
{[%clk 1:08:09]} Ka5 {[%clk 0:15:37]} 43. Bc6 {[%clk 1:08:04]} b5
{[%clk 0:13:32]} 44. b4+ {[%clk 1:07:32]} Ka4 {[%clk 0:12:38]} 45. Bf3
{[%clk 1:06:19]} Ka3 {[%clk 0:09:56]} 46. d5 {[%clk 1:06:24]} Kxa2
{[%clk 0:09:53]} 47. Kd4 {[%clk 1:06:44]} Nb7 {[%clk 0:09:25]} 48. Ke5
{[%clk 1:05:55]} Kb3 {[%clk 0:09:28]} 49. d6 {[%clk 1:06:03]} Nxd6
{[%clk 0:08:49]} 50. Kxd6 {[%clk 1:06:28]} Kxb4 {[%clk 0:09:11]} 51. Ke5
{[%clk 1:06:51]} Kc3 {[%clk 0:08:39]} 52. Kf5 {[%clk 1:06:58]} b4
{[%clk 0:08:37]} 53. Kxg5 {[%clk 1:07:22]} b3 {[%clk 0:07:49]} 54. Kf4
{[%clk 1:07:27]} a5 {[%clk 0:07:18]} 55. g5 {[%clk 1:07:49]} a4 {[%clk 0:06:52]}
56. g6 {[%clk 1:08:11]} a3 {[%clk 0:07:09]} 57. g7 {[%clk 1:08:32]} b2
{[%clk 0:06:33]} 58. Be4 {[%clk 1:07:49]} a2 {[%clk 0:06:51]} 59. g8=Q
{[%clk 1:08:10]} a1=Q {[%clk 0:06:52]} 60. Qc8+ {[%clk 1:07:42]} Kb4
{[%clk 0:06:46]} 61. Qb7+ {[%clk 1:07:28]} Ka5 {[%clk 0:06:48]} 62. Qd5+
{[%clk 1:07:18]} Kb4 {[%clk 0:06:43]} 63. Qd2+ {[%clk 1:05:17]} Kc5
{[%clk 0:06:48]} 64. Qd5+ {[%clk 1:05:07]} Kb4 1/2-1/2

[Event "Open C"]
[Site "Polanica-Zdroj"]
[Date "2017.08.24"]
[Round "6.11"]
[White "Adamczewski, Jedrzej"]
[Black "Burzak, Wojciech"]
[Result "1/2-1/2"]
[BlackElo "1687"]
[WhiteElo "1938"]
[LiveChessVersion "1.4.8"]

1. e4 c5 2. Nf3 e6 3. d4 cxd4 4. Nxd4 a6 5. Bd3 Nf6 6. Qe2 Qc7 7. O-O Bc5 8. Nb3
Be7 9. c4 d6 10. Nc3 Nbd7 11. Be3 b6 12. a4 Bb7 13. a5 O-O 14. axb6 Nxb6 15. Na5
Nfd7 16. Ra2 Rfc8 17. Bd4 Ne5 18. b3 Bf6 19. Kh1 Nbd7 20. Nxb7 Qxb7 21. Bc2 Nc6
22. Bxf6 Nxf6 23. f4 Nb4 24. Ra5 Qb6 25. Rg5 Qd4 26. Rg3 Nxc2 27. Qxc2 Rab8 28.
Rd1 Qc5 29. Na4 Qc6 30. Nc3 Qc5 1/2-1/2

[Event "Open C"]
[Site "Polanica-Zdroj"]
[Date "2017.08.24"]
[Round "6.12"]
[White "Konopacka, Martyna"]
[Black "Karpinski, Andrzej"]
[Result "1/2-1/2"]
[BlackElo "1677"]
[WhiteElo "1882"]
[LiveChessVersion "1.4.8"]

1. e4 {[%clk 1:30:57]} d6 {[%clk 1:18:07]} 2. Nc3 {[%clk 1:31:09]} Nf6
{[%clk 1:18:04]} 3. d4 {[%clk 1:27:51]} g6 {[%clk 1:16:38]} 4. f4
{[%clk 1:26:59]} Bg7 {[%clk 1:15:35]} 5. Nf3 {[%clk 1:27:04]} c5 {[%clk 1:14:47]}
6. dxc5 {[%clk 1:21:19]} Qa5 {[%clk 1:11:45]} 7. e5 {[%clk 0:53:11]} dxe5
{[%clk 1:01:24]} 8. fxe5 {[%clk 0:53:37]} Ne4 {[%clk 1:00:32]} 9. Bd2
{[%clk 0:41:28]} Nxd2 {[%clk 0:58:52]} 10. Qxd2 {[%clk 0:39:37]} Qxc5
{[%clk 0:44:33]} 11. Bb5+ {[%clk 0:38:38]} Nc6 {[%clk 0:34:40]} 12. O-O-O
{[%clk 0:17:54]} O-O {[%clk 0:34:38]} 13. Qf4 {[%clk 0:11:30]} h6
{[%clk 0:24:26]} 14. h4 {[%clk 0:03:55]} Be6 {[%clk 0:21:22]} 15. Bxc6
{[%clk 0:04:20]} bxc6 {[%clk 0:19:26]} 16. Qd4 {[%clk 0:01:37]} Qxd4
{[%clk 0:17:55]} 17. Rxd4 {[%clk 0:02:05]} Rfd8 {[%clk 0:14:54]} 18. Rhd1
{[%clk 0:01:51]} Rdc8 {[%clk 0:12:02]} 19. b3 {[%clk 0:01:00]} c5
{[%clk 0:09:45]} 20. Ra4 {[%clk 0:01:25]} c4 {[%clk 0:09:25]} 21. Kb2
{[%clk 0:01:23]} Bg4 {[%clk 0:07:20]} 22. Re1 {[%clk 0:00:37]} Bxf3
{[%clk 0:07:16]} 23. gxf3 {[%clk 0:01:05]} cxb3 {[%clk 0:06:54]} 24. axb3
{[%clk 0:01:33]} Rc5 {[%clk 0:06:26]} 25. f4 {[%clk 0:00:49]} Rac8
{[%clk 0:06:33]} 26. Re3 {[%clk 0:00:53]} R8c7 {[%clk 0:06:39]} 27. Rd3
{[%clk 0:00:42]} f6 {[%clk 0:05:13]} 28. Re4 {[%clk 0:00:36]} fxe5
{[%clk 0:05:21]} 29. Nd5 {[%clk 0:00:48]} Rxc2+ {[%clk 0:03:45]} 30. Ka3
{[%clk 0:01:17]} Rb7 {[%clk 0:02:54]} 31. fxe5 {[%clk 0:01:21]} Kh7
{[%clk 0:01:41]} 32. Rf3 {[%clk 0:00:48]} Rd7 {[%clk 0:01:21]} 33. Nf4
{[%clk 0:00:48]} Rc6 {[%clk 0:01:01]} 34. Rf2 {[%clk 0:00:40]} Rb7
{[%clk 0:00:54]} 35. Nd5 {[%clk 0:00:52]} Re6 {[%clk 0:00:54]} 36. Rfe2
{[%clk 0:00:17]} 1/2-1/2